000 002590000a22000970004500
100 1 _aTidwell, N.L.
245 1 0 _aMesha's hmslt b'rnn : What and where?
300 _aVol. 46, Num. 4 (Octubre, 1996), Páginas 490-497
773 0 _tVetus Testamentum
942 _cANA
999 _c58053
_d58053